| 000 | 00820na a2200229 4500 | ||
|---|---|---|---|
| 001 | 18645 | ||
| 003 | MIRAKIL | ||
| 005 | 20181213155040.0 | ||
| 008 | 161123b tu 000 0 | ||
| 035 | _a18645 | ||
| 040 |
_aMilas _btur _cTR-AnCHP |
||
| 041 | _atur | ||
| 082 |
_a330.9561 _bİ45 1997 |
||
| 090 | _a330.9561 İ45 1997 | ||
| 111 |
_a"2000'e Doğru Türkiye'de Sosyal Güvenlik Sisteminin Geleceği" (Forum) _cAnkara _d1997 |
||
| 245 |
_a"2000'e doğru Türkiye'de sosyal güvenlik sisteminin geleceği" (forum) _cyayına hazırlayan İsmail İlmi Kıdeyş |
||
| 260 |
_aAnkara _bHak-İş Konfederasyonu Eğitim Yayınları _c1997 |
||
| 300 |
_a145 s. _bfotg. _c24 sm. |
||
| 490 |
_aHak-İş Konfederasyonu Eğitim Yayınları _v23 |
||
| 650 |
_aSosyal güvenlik _xToplantılar _zTürkiye |
||
| 942 |
_2dcc _cBKS |
||
| 999 |
_c5547 _d5547 |
||